| 000 | 00865nam a2200253 i 4500 | ||
|---|---|---|---|
| 001 | 114988 | ||
| 003 | ES-MaACL | ||
| 005 | 20230906192551.0 | ||
| 007 | t| | ||
| 008 | 070215s1930 sp ||||1| spa d | ||
| 080 | _a494.511-221"19" | ||
| 100 | 1 |
_aOrbok, Loran. _987161 |
|
| 245 | 1 | 0 |
_aCasanova _b: comedia en tres y en prosa / _cLoran Orbok ; traducida al castellano por Francisco de Viu ; dibujos de Servando del Pilar. |
| 260 |
_aMadrid : _bRivadeneyra, _c1930. |
||
| 300 |
_a62 p. : _bil. ; _c17 cm. |
||
| 490 | 1 |
_aLa Farsa ; _v151 |
|
| 500 | _aEstrenada en el Teatro Fontalba, de Madrid, el día 21 de febrero de 1930. | ||
| 700 | 1 |
_aViu, Francisco de. _9115533 |
|
| 700 | 1 |
_aPilar, Servando del. _992018 |
|
| 830 | 0 |
_aLa Farsa ; _v151 _9185863 |
|
| 852 |
_aES-MaACL _jC-13218 |
||
| 852 |
_aES-MaACL _j2225-F-1 _bR.140771 |
||
| 999 |
_c114988 _d114988 |
||